Normal view
MARC view
- SUPERVISOR Dr RASHID NASEER CO-SUPERVISOR Dr ZAFAR BANGASH
Entry Corporate Name
001 - CONTROL NUMBER
- control field: 122802
003 - CONTROL NUMBER IDENTIFIER
- control field: NUST
005 - DATE AND TIME OF LATEST TRANSACTION
- control field: 20240521200722.0
008 - FIXED-LENGTH DATA ELEMENTS
- fixed length control field: 240521|| aca||aabn | a|a d
040 ## - CATALOGING SOURCE
- Original cataloging agency: NUST
- Transcribing agency: NUST
110 ## - HEADING--CORPORATE NAME
- Corporate name or jurisdiction name as entry element: SUPERVISOR Dr RASHID NASEER CO-SUPERVISOR Dr ZAFAR BANGASH
670 ## - SOURCE DATA FOUND
- Source citation: Work cat.: (NUST): NS JABEER ASGHAR NS HAFIZ ABDULLAH MUBEEN NS ALINA AZAM AWAN NS ADEEL AJMAL KHAN 122801, PR-SOF-2298-Design and Manufacturing of a Low-Cost Automated Misting System for Produce, 2023.
